000 00277nam a2200097Ia 4500
082 _aJ R 422.03 AYTO
245 0 _aOxford school dictionary of word origins
100 _a AYTO, John Oxford, 2009 New ed
_914662
942 _cBK
008 210816s9999 xx 000 0 und d
999 _c77019
_d77018